Aprendizaje experiencial (Registro nro. 321904)
[ vista simple ]
| 000 -ENCABEZADO | |
|---|---|
| Número de control [NR] | 01606nam a2200301 4500 |
| 005 - FECHA Y HORA DE LA ÚLTIMA TRANSACCIÓN | |
| control field | 20260505125339.0 |
| 008 - DE LONGITUD FIJA DE DATOS DE ELEMENTOS - INFORMACIÓN GENERAL | |
| Elementos de longitud fija [NR] | 221128s2022 ck a|||gr|||| 00| 0 spa d |
| 020 ## - NUMERO INTERNACIONAL NORMALIZADO PARA LIBROS [R] | |
| Número Internacional Normalizado del libro [NR] | 9789587849929 |
| 040 ## - FUENTE DE CATALOGACION [NR] | |
| Agencia de catalogación original [NR] | CO-BoUCM |
| Idioma de catalogación [NR] | spa |
| Quien Cataloga | Deissy Garcia |
| Quien Clasifica | Deissy Garcia |
| 041 0# - CODIGO DE IDIOMA [R] | |
| Código de idioma para texto/pista de sonido o título separado [R] | Español |
| 245 00 - MENCION DE TITULO [NR] | |
| Título [NR] | Aprendizaje experiencial |
| Parte restante del título [NR] | prácticas y herramientas en escuelas de administración y negocios |
| Mención de responsabilidad, etc. [NR] | edición académica Yonni Angel Cuero Acosta, Marelby Amado Mateus, Inéride Álvarez-Suescún ... [y otros 2] |
| 260 ## - PUBLICACION, DISTRIBUCION, ETC. (PIE DE IMPRENTA) [R] | |
| Lugar de publicación, distribución, etc. [R] | Bogotá : |
| Nombre del editor, distribuidor, etc. [R] | Universidad del Rosario ; |
| Fecha de publicación, distribución, etc. [R] | 2022 |
| 300 ## - DESCRIPCION FISICA [R] | |
| Extensión [R] | x, 442 páginas |
| Otros detalles físicos [NR] | ilustraciones |
| 504 ## - NOTA DE BIBLIOGRAFIA, ETC. [R] | |
| Nota de bibliografía, etc. [NR] | Incluye referencias bibliográficas |
| 520 ## - NOTA DE RESUMEN, ETC. [R] | |
| Nota de sumario, etc. [NR] | Obra que presenta prácticas y herramientas para la implementación del aprendizaje experiencial en instituciones de educación superior en el área de administración y negocios, buscando transformar el proceso de enseñanza y aprendizaje a través del acompañamiento docente. |
| 650 #7 - ASIENTO SECUNDARIO DE MATERIA - TERMINO TEMATICO [R] | |
| Término temático o nombre geográfico como elemento de entrada [NR] | Administración de empresas |
| Subdivisión general [R] | Enseñanza |
| 9 (RLIN) | 32960 |
| 650 #7 - ASIENTO SECUNDARIO DE MATERIA - TERMINO TEMATICO [R] | |
| Término temático o nombre geográfico como elemento de entrada [NR] | Educación de negocios |
| Subdivisión general [R] | Fines y objetivos |
| 9 (RLIN) | 176288 |
| 650 #7 - ASIENTO SECUNDARIO DE MATERIA - TERMINO TEMATICO [R] | |
| Término temático o nombre geográfico como elemento de entrada [NR] | Aprendizaje experimental |
| 9 (RLIN) | 9262 |
| 650 #7 - ASIENTO SECUNDARIO DE MATERIA - TERMINO TEMATICO [R] | |
| Término temático o nombre geográfico como elemento de entrada [NR] | Métodos de enseñanza |
| Subdivisión general [R] | Innovaciones tecnológicas |
| 9 (RLIN) | 176289 |
| 650 #7 - ASIENTO SECUNDARIO DE MATERIA - TERMINO TEMATICO [R] | |
| Término temático o nombre geográfico como elemento de entrada [NR] | Educación superior |
| 9 (RLIN) | 177 |
| 700 1# - ASIENTO SECUNDARIO - NOMBRE PERSONAL [R] | |
| 9 (RLIN) | 176285 |
| Nombre personal [NR] | Cuero Acosta, Yonni Angel |
| Término de relación [R] | editor |
| 700 1# - ASIENTO SECUNDARIO - NOMBRE PERSONAL [R] | |
| 9 (RLIN) | 176286 |
| Nombre personal [NR] | Amado Mateus, Marelby |
| Término de relación [R] | editor |
| 700 ## - ASIENTO SECUNDARIO - NOMBRE PERSONAL [R] | |
| Nombre personal [NR] | Álvarez-Suescún, Inéride |
| Término de relación [R] | editor |
| 9 (RLIN) | 176290 |
| 700 ## - ASIENTO SECUNDARIO - NOMBRE PERSONAL [R] | |
| 9 (RLIN) | 173618 |
| Nombre personal [NR] | Alcocer Tocora, Milena |
| Término de relación [R] | editor |
| 700 1# - ASIENTO SECUNDARIO - NOMBRE PERSONAL [R] | |
| 9 (RLIN) | 176287 |
| Nombre personal [NR] | García Blanco, Clara Inés |
| Término de relación [R] | editor |
| 942 ## - ELEMENTOS DE ENTRADA AGREGADOS (KOHA) | |
| Sistema de clasificación | DEWEY |
| Tipo de ítem principal el descrito en 300a | Edición Rosarista |
| Tema principal | Administración |
| Edición | 1 |
| Clasificación | 658.07 |
| Parte restante de la signatura top. | A654 |
| Título oculto en OPAC | No |
| Total préstamos | Signatura topográfica | Código de barras | Última vez visto | Ejemplar | Price effective from | Tipo de ítem | Perdido | Sistema de clasificación | Dañado | No prestable | Tipo de ítem específico | Suprimido | Ubicación habitual | Ubicación actual | Localización | Fecha de creación | Forma de adquisición | Costo | Fecha de último préstamo |
|---|---|---|---|---|---|---|---|---|---|---|---|---|---|---|---|---|---|---|---|
| 658.07 A654 | 100170991 | 22/05/2026 | Ej.1 | 28/11/2022 | Edición Rosarista | DEWEY | Libro Edición Rosarista | Claustro | Claustro | 4to piso | 28/11/2022 | Compra | 51350.00 | ||||||
| 2 | 658.07 A654 | 100174873 | 07/05/2026 | Ej.2 | 05/05/2026 | Libro | DEWEY | Libro | Claustro | Claustro | 4to piso | 05/05/2026 | Compra | 53950.00 | 05/05/2026 | ||||
| 658.07 A654 | 100174872 | 05/05/2026 | Ej.3 | 05/05/2026 | Libro | DEWEY | Libro | Claustro | Claustro | 4to piso | 05/05/2026 | Compra | 53950.00 | ||||||
| 3 | 658.07 A654 | 100174874 | 14/05/2026 | Ej.4 | 05/05/2026 | Libro | DEWEY | Libro | Sede del emprendimiento y la innovación | Sede del Emprendimiento, Innovación y Creación | 1er piso | 05/05/2026 | Compra | 53950.00 | 14/05/2026 |